| 000 | 00693nam a2200241 a 4500 | ||
|---|---|---|---|
| 001 | 65782 | ||
| 003 | BD-RjUL | ||
| 005 | 20211209081449.0 | ||
| 008 | 170312s1948 nyuad 001 0 eng | ||
| 035 | _a(BD-RjUL)65912 | ||
| 040 |
_aDLC _cOClU _dTxU _dBD-RjUL _beng |
||
| 041 | _aeng | ||
| 082 |
_a676 _223 _bSUC 1968 |
||
| 100 | 1 |
_aSutermeister, Edwin, _d1876- _9194533 |
|
| 245 | 1 | 0 |
_aChemistry of pulp and paper making / _cby Edwin Sutermeister, S. B. |
| 250 | _a3d ed. | ||
| 260 |
_aNew York : _bChapman & Hall, limited, _c1948 |
||
| 300 |
_axii, 529 p. : _bill, ; _c24 cm. |
||
| 500 | _aInclude index | ||
| 650 | 0 |
_aPapermaking. _9194534 |
|
| 650 | 0 |
_aWood-pulp _9194535 |
|
| 942 |
_2ddc _cBK |
||
| 999 |
_c65782 _d65782 |
||